00727cam a2200241 a 450000100090000000300050000900500170001400800410003101000170007202000180008904000090010704200080011605000230012408200160014724500510016324600370021426000810025130000320033250400510036465000240041565000240043970000220046316168527Nust20170308123534.0100402s2011 enka b 001 0 eng  a 2010011215 a9789351242673 cASAB apcc00aSH335b.F6276 201100a664/.9422200aFish processing and preservationcP Saraswathy afish processing and preservation aChichester, West Sussex, U.K. ;aAmes, Iowa, :bWiley-Blackwell Pub.,c2011. ax, 000 p. :bill. ;c26 cm. aIncludes bibliographical references and index. 0aFishery processing. 0aFishery technology.1 aHall, G. M.,cDr.